Competition Success Review Yearbook 2025 (Record no. 1688508)

MARC details
000 -LEADER
fixed length control field 00259 a2200109 4500
000 - LEADER
fixed length control field nam a22 7a 4500
005 - DATE AND TIME OF LATEST TRANSACTION
control field 20260306132444.0
020 ## - INTERNATIONAL STANDARD BOOK NUMBER
International Standard Book Number 9788193975008
245 ## - TITLE STATEMENT
Title Competition Success Review Yearbook 2025
260 ## - PUBLICATION, DISTRIBUTION, ETC.
Name of publisher, distributor, etc. CSR
Date of publication, distribution, etc. 2025
942 ## - ADDED ENTRY ELEMENTS (KOHA)
Koha item type Textual
Holdings
Withdrawn status Lost status Source of classification or shelving scheme Damaged status Not for loan Home library Current library Date acquired Source of acquisition Cost, normal purchase price Inventory number Total Checkouts Barcode Date last seen Cost, replacement price Price effective from Koha item type
    Colon Classification (CC)   Ordered South Campus Library South Campus Library 2026-03-06 17 360.00 577 & 04/12/2025   SC1691529 2026-03-06 450.00 2026-03-06 Textual
Copyright @ Delhi University Library System